<?xml version="1.0" encoding="UTF-8"?><?xml-stylesheet type="text/xsl" href="static/style.xsl"?><OAI-PMH xmlns="http://www.openarchives.org/OAI/2.0/" xmlns:xsi="http://www.w3.org/2001/XMLSchema-instance" xsi:schemaLocation="http://www.openarchives.org/OAI/2.0/ http://www.openarchives.org/OAI/2.0/OAI-PMH.xsd"><responseDate>2026-04-13T01:54:49Z</responseDate><request verb="GetRecord" identifier="oai:www.recercat.cat:20.500.12694/7236" metadataPrefix="marc">https://recercat.cat/oai/request</request><GetRecord><record><header><identifier>oai:recercat.cat:20.500.12694/7236</identifier><datestamp>2025-12-18T12:09:42Z</datestamp><setSpec>com_2072_179042</setSpec><setSpec>col_2072_484474</setSpec></header><metadata><record xmlns="http://www.loc.gov/MARC21/slim" xmlns:dcterms="http://purl.org/dc/terms/" xmlns:xsi="http://www.w3.org/2001/XMLSchema-instance" xmlns:doc="http://www.lyncode.com/xoai" xsi:schemaLocation="http://www.loc.gov/MARC21/slim http://www.loc.gov/standards/marcxml/schema/MARC21slim.xsd">
   <leader>00925njm 22002777a 4500</leader>
   <datafield ind2=" " ind1=" " tag="042">
      <subfield code="a">dc</subfield>
   </datafield>
   <datafield ind2=" " ind1=" " tag="720">
      <subfield code="a">Díaz Vilà, Joel</subfield>
      <subfield code="e">author</subfield>
   </datafield>
   <datafield ind2=" " ind1=" " tag="260">
      <subfield code="c">2017-09</subfield>
   </datafield>
   <datafield ind2=" " ind1=" " tag="520">
      <subfield code="a">Aquest treball de recerca d’informació pretén crear una imatge tridimensional del personatge que fou Sofia Puche de Mendlewicz, en totes les facetes de la seva relació amb la música i amb les persones. Per aquest motiu, compta amb una completa biografia i un repàs de la seva trajectòria artística, pedagògica i com a mecenes dels joves músics. Espero que aquesta lectura us serveixi com a font d’inspiració per viure la música i la vida d’una altra manera, més sincera i intensa.</subfield>
   </datafield>
   <datafield ind2=" " ind1=" " tag="520">
      <subfield code="a">Este trabajo de búsqueda de información pretende crear una imagen tridimensional del personaje que fue Sofia Puche de Mendlewicz, en todas las facetas de su relación con la música y con las personas. Por esta razón, cuenta con una completa biografía y un repaso de su trayectoria artística, pedagógica y como mecenas de los jóvenes músicos. Espero que esta lectura os proporcione una fuente de inspiración para vivir la música y la vida de otra forma, más sincera e intensa.</subfield>
   </datafield>
   <datafield ind2=" " ind1=" " tag="520">
      <subfield code="a">This research project aims to create a three-dimensional portrait of Sofia Puche de Mendlewicz, exploring all facets of her relationship with people and music. For this reason, this work includes a complete biography, a review of her artistic and pedagogical career, and her patronage of young musicians. I hope this reading serves as a source of inspiration to experience music and life in a more sincere and intense way.</subfield>
   </datafield>
   <datafield ind1="8" ind2=" " tag="024">
      <subfield code="a">http://hdl.handle.net/20.500.12694/7236</subfield>
   </datafield>
   <datafield tag="653" ind2=" " ind1=" ">
      <subfield code="a">TFG Música clàssica i contemporània</subfield>
   </datafield>
   <datafield tag="653" ind2=" " ind1=" ">
      <subfield code="a">Puche, Sofia--Crítica i interpretació</subfield>
   </datafield>
   <datafield tag="653" ind2=" " ind1=" ">
      <subfield code="a">Pianistes--Catalunya--Biografia</subfield>
   </datafield>
   <datafield tag="653" ind2=" " ind1=" ">
      <subfield code="a">Pianistes--S. XX -XXI</subfield>
   </datafield>
   <datafield ind2="0" ind1="0" tag="245">
      <subfield code="a">Sofia Puche, una vida dedicada a la música</subfield>
   </datafield>
</record></metadata></record></GetRecord></OAI-PMH>